=LDR 00000nam 2200000 4500 =001 NUTBA000000000003432 =005 20140819100553.0 =006 =007 =008 =035 ##$$a 0010-081400000000277 =040 ##$$a NBPDMAT =082 ##$$a 372.7 =090 ##$$a 372.7 $b Rin a =100 ##$$a Rini Budi Nuraini =245 ##$$a Aktivitas utama matematika SD dan MI kelas v semester 1 / $c Rini Budi Nuraini =250 ##$$a Cet.1 =260 ##$$a Jakarta : $b Pustaka Widya Utama, $c 2010 =300 ##$$a 80 hlm. : $b ilus. ; $c 29 cm. =650 ##$$a Matematika SD =850 ##$$a NBPDMAT =990 ##$$a 21407367